000 00736nam a2200253Ia 4500
003 OSt
005 20220918164928.0
006 a|||||r|||| 00| 0
007 ta
008 220917b |||||||| |||| 00| 0 eng d
020 _a0816607125 (hbk)
024 _a44,792
037 _cTextual
040 _aARTS
_cARTS
_beng
041 _2eng
_aeng
082 _aO111973wN, L4
100 _aRoss Ralph
_921759
245 0 _aMakers of American thought
_b an introduction to seven American Writers edited by Ralph Ross
260 _aMinneapolis
_bUniv Of Minnesota Press
_c1974
300 _a301p.
_ccm.
650 _aENGLISH LITERATURE
942 _hO111973wN, L4
_cTEXL
_2CC
999 _c127482
_d127482